|
|
|
|
| LEADER |
01559nam a2200289 a 4500 |
| 001 |
18150 |
| 003 |
BD-DhAAL |
| 008 |
090826r19991982enka b 001 0 eng d |
| 010 |
|
|
|a \\\81021728
|
| 020 |
|
|
|a 0521246806
|
| 020 |
|
|
|a 0521288827 (pbk.)
|
| 040 |
|
|
|a DLC
|c DLC
|d DLC
|d BD-DhAAL
|
| 082 |
0 |
0 |
|a 515
|2 19
|
| 100 |
1 |
|
|a Binmore, K. G.,
|d 1940-
|9 57595
|
| 245 |
1 |
0 |
|a Mathematical analysis :
|b a straightforward approach /
|c K.G. Binmore.
|
| 250 |
|
|
|a Second edition.
|
| 260 |
|
|
|a Cambridge [Cambridgeshire] ;
|a New York :
|b Cambridge University Press,
|c 1982 [reprinted].
|
| 300 |
|
|
|a xi, 361 p. :
|b ill. ;
|c 23 cm.
|
| 504 |
|
|
|a Includes bibliographical references and index.
|
| 526 |
|
|
|a MNS
|x Fardousi Ara Begum
Faculty Member of BRAC University
Course Name : Real Analysis II (MAT 321)
|
| 541 |
1 |
|
|e 18150, 18151
|a D. S. Books International
|
| 650 |
|
0 |
|a Mathematical analysis.
|
| 852 |
4 |
|
|a Ayesha Abed Library
|c General Stacks
|
| 942 |
|
|
|2 ddc
|c BK
|
| 999 |
|
|
|c 3560
|d 3560
|
| 952 |
|
|
|0 0
|1 0
|2 ddc
|4 0
|6 515_BIN_200100000000000
|7 0
|9 3232
|a BRACUL
|b BRACUL
|c GEN
|d 2009-09-02
|e D. S. Books International
|g 8225.00
|l 7
|m 24
|o 515 BIN
|p 3010018151
|r 2025-03-13
|s 2025-03-06
|t 2
|w 2009-09-02
|y BK
|x Requisitioned by Fardousi Ara Begum fpr the course named- "Real Analysis II (MAT 321)" ; USD 74.78
|
| 952 |
|
|
|0 0
|1 0
|2 ddc
|4 0
|6 515_BIN_200100000000000
|7 0
|9 9986
|a BRACUL
|b BRACUL
|c GEN
|d 2010-05-10
|e D. S. Books International
|l 9
|m 54
|o 515 BIN
|p 3010018150
|r 2025-11-01
|s 2025-03-03
|t 1
|w 2010-05-10
|y BK
|x Requisitioned by Fardousi Ara Begum fpr the course named- "Real Analysis II (MAT 321)" ; USD 74.78
|